| 000 | 00628nam a2200193 a 4500 | ||
|---|---|---|---|
| 001 | 000000375 | ||
| 005 | 20250710141410.0 | ||
| 008 | 081112s2007 dr a 000 0 spa d | ||
| 040 |
_aDO-SdBNP _bspa _cBNPHU |
||
| 082 |
_a510 _bP349m, 2007 |
||
| 100 |
_aPeña Geraldino, Rafael _91257 |
||
| 245 | 1 | 0 |
_aMatemática II / _cRafael Peña Geraldino. |
| 250 | _a3a ed. | ||
| 260 |
_aSanto Domingo : _bSecretaría de Estado de Educación, _c2007. |
||
| 300 |
_a299 p. : _bil. ; _c28 cm. |
||
| 500 | _aA la cabeza del título: educación media | ||
| 650 | 0 |
_aMatemáticas _91258 |
|
| 650 | 4 |
_aMatemáticas _vPROBLEMAS , EJERCICIOS, ETC. _91259 |
|
| 999 |
_c374 _d374 |
||